00691nam a22001937a 4500003000900000008004100009040007100050082002000121100002100141245004700162260006000209300004700269440002600316505005100342650001700393650002500410650003800435650002400473AR-CdUCM190312b ||||| |||| 00| 0 spa d aMUNICIPALIDAD PROVINCIAL DEL CUSCOcBIBLIOTECA MUNICIPAL DEL CUSCO a869.81 / bR73B aBenedetti, Mario aGenio y figura de José Enrique Rodó /  aBuenos Aires : bUniversitaria de Buenos Aires, c1966. a191 páginas ; bilustraciones ; e18 cm. aGenio y figuran : 12 aContenido: Biografía de José Enrique Rodo. aBiografías aNarradores Uruguayos aJose Enrique Ródo - Biografía aLiteratura Uruguaya